Manual informativo dle contrato de aprendizaje : (Record no. 46801)
[ view plain ]
| 000 -CABECERA | |
|---|---|
| campo de control de longitud fija | 00720nam a2200157 a 4500 |
| 001 - NÚMERO DE CONTROL | |
| campo de control | 000047313 |
| 005 - FECHA Y HORA DE LA ÚLTIMA TRANSACCIÓN | |
| campo de control | 20201002053535.0 |
| 008 - DATOS DE LONGITUD FIJA--INFORMACIÓN GENERAL | |
| campo de control de longitud fija | 140515s2010 dr ac 000 0 spa d |
| 040 ## - FUENTE DE LA CATALOGACIÓN | |
| Centro catalogador/agencia de origen | DO-SdBNP |
| Lengua de catalogación | spa |
| Centro/agencia transcriptor | BNPHU |
| 082 ## - NÚMERO DE LA CLASIFICACIÓN DECIMAL DEWEY | |
| Número de clasificación | xxxx |
| Número de documento/Ítem | R426m, |
| 110 1# - ENTRADA PRINCIPAL--NOMBRE DE ENTIDAD CORPORATIVA | |
| Nombre de entidad corporativa o nombre de jurisdicción como elemento de entrada | República Dominicana |
| Unidad subordinada | Instituto de Formación Técnico Profesional (INFOTEP) |
| 9 (RLIN) | 72079 |
| 245 10 - MENCIÓN DE TÍTULO | |
| Título | Manual informativo dle contrato de aprendizaje : |
| Resto del título | Departamento de Orientación y Empleo /. |
| 260 ## - PUBLICACIÓN, DISTRIBUCIÓN, ETC. | |
| Lugar de publicación, distribución, etc. | Santo Domingo : |
| Nombre del editor, distribuidor, etc. | INFOTEP, |
| Fecha de publicación, distribución, etc. | [199?]. |
| 300 ## - DESCRIPCIÓN FÍSICA | |
| Extensión | 24 p. : |
| Otras características físicas | il. ; |
| Dimensiones | 26 cm. |
| 505 ## - NOTA DE CONTENIDO CON FORMATO | |
| Nota de contenido con formato | Introducción -- |
| Título | antecedentes históricos -- |
| -- | concepto -- |
| -- | Ventajas que ofrece el contrato de aprendizaje -- |
| -- | Datos que debe contener del contrato de aprendizaje para du validez . |
| Estado de retiro | Estado de pérdida | No para préstamo | Código de colección | Localización permanente | Ubicación/localización actual | Ubicación en estantería | Fecha de adquisición | Número de inventario | Total de préstamos | Signatura topográfica completa | Código de barras | Fecha visto por última vez | Precio válido a partir de | Tipo de ítem Koha |
|---|---|---|---|---|---|---|---|---|---|---|---|---|---|---|
| Excluido de préstamo | Patrimonio Dominicano | Patrimonio Dominicano | Patrimonio Dominicano | Depósito | 02.05.2018 | LF1 | xxxx R426m, | 47313-10 | 25.06.2020 | 25.06.2020 | Libro y Folleto Colección Patrimonio Dominicano |
